Catálogo
 En Linea

Historiografía y literatura de Salcedo, 1865-1965 / (Registro nro. 47056)

Detalles MARC
000 -CABECERA
campo de control de longitud fija 02361nam a2200325 i 4500
001 - NÚMERO DE CONTROL
campo de control 000047568
003 - IDENTIFICADOR DEL NÚMERO DE CONTROL
campo de control DO-SdBNP
005 - FECHA Y HORA DE LA ÚLTIMA TRANSACCIÓN
campo de control 20231206132019.0
007 - CAMPO FIJO DE DESCRIPCIÓN FÍSICA--INFORMACIÓN GENERAL
campo de control de longitud fija ta
008 - DATOS DE LONGITUD FIJA--INFORMACIÓN GENERAL
campo de control de longitud fija 180703s2017 dr abc 000 0 spa d
020 ## - NÚMERO INTERNACIONAL ESTÁNDAR DEL LIBRO
Número Internacional Estándar del Libro 9789945908848
040 ## - FUENTE DE LA CATALOGACIÓN
Centro catalogador/agencia de origen DO-SdBNP
Lengua de catalogación spa
Centro/agencia transcriptor BNPHU
Normas de descripción rda
082 #4 - NÚMERO DE LA CLASIFICACIÓN DECIMAL DEWEY
Número de documento/Ítem R175h
Número de edición 22
100 1# - ENTRADA PRINCIPAL--NOMBRE DE PERSONA
Nombre de persona Ramos, Emelda,
Fechas asociadas al nombre 1948
9 (RLIN) 1915
Término indicativo de función/relación autora
245 10 - MENCIÓN DE TÍTULO
Título Historiografía y literatura de Salcedo, 1865-1965 /
Mención de responsabilidad, etc. Emelda Ramos.
264 ## - PRODUCCIÓN, PUBLICACIÓN, DISTRIBUCIÓN, FABRICACIÓN Y COPYRIGHT
Producción, publicación, distribución, fabricación y copyright Santo Domingo :
Nombre del de productor, editor, distribuidor, fabricante Archivo General de la Nación,
Fecha de producción, publicación, distribución, fabricación o copyright 2017.
300 ## - DESCRIPCIÓN FÍSICA
Extensión 272 páginas :
Otras características físicas ilustraciones, mapas, retratos ;
Dimensiones 23 cm.
336 ## - TIPO DE CONTENIDO
Fuente rdacontent
Término de tipo de contenido texto
Código de tipo de contenido txt
337 ## - TIPO DE MEDIO
Fuente rdamedia
Nombre/término del tipo de medio sin mediación
Código del tipo de medio n
338 ## - TIPO DE SOPORTE
Fuente rdacarrier
Nombre/término del tipo de soporte volumen
Código del tipo de soporte nc
490 ## - MENCIÓN DE SERIE
Mención de serie Archivo General de la Nación
Designación de volumen o secuencia 315
500 ## - NOTA GENERAL
Nota general Incluye datos biográficos de la autora en las solapas.
500 ## - NOTA GENERAL
Nota general Incluye referencias bibliográficas y notas al pie de las páginas
500 ## - NOTA GENERAL
Nota general 4ta Feria del Libro por Historia Dominicana
504 ## - NOTA DE BIBLIOGRAFÍA, ETC.
Nota de bibliografía, etc. Bibliografía : p. 239-244
505 0# - NOTA DE CONTENIDO CON FORMATO
Nota de contenido con formato Salvador del Rosario, 1846-1896 primer texto juananuñensa --Manuel de Jesús Paulino, 1866-1962 La décima popular --Armando Cabral garrido,1883-1941la poesía romántica --Mélida Delgado Pantaleón, 1885-1967 La dramaturgia -- Laudiceo Sánchez, 1890-1979 La crónica social -- Jesús Boanerges Sarmiento Roig, 1890-1960 -- María Josefa Gómez Uribe, 1892-1971 El ensayo y la conferencia -- Juan A. Osorio Gómez, 1895-1959 La primera novela -- Doroteo Antonio Regalado Félix, 1897-1956 periodismo y compilación -- María Teresa Brito Clemente, 1897-1977 La oratoria --José de Jesús Florencio Mendoza, 1903-1972 El primer libro de poesía --Manuel Antonio Tejada Florentino, 1907-1960 El prólogo literario --Agripina Cabral de Macarrulla, 1907-1981 Poesía postmodernista y testimonio --José Francisco Tapia Brea, 1908-1984 Los apuntes históricos, la epopeya --Julia Modesta Espinal Durán, 1908-1996 El artículo literario --Francisco Nicolás Rodríguez Valerio, 1917-1985 La biografía y su ética -- Hugo Eduardo Polanco Brito, 1918-1996 La historia y la genealogía -- Sergio Amaro Rosario, 1921-2007 El culto al soneto -- Antonio J. Tatem Mejía, 1927- La poesía patriótica --Héctor Francisco Osorio, 1929-1985 El relato de viaje.
590 ## - NOTA LOCAL (RLIN)
Nota local Inventariado, 2018/LP
910 ## - DATOS DE OPCIÓN DEL USUARIO (OCLC)
Datos de opción del usuario Btavárez
942 ## - ELEMENTOS DE PUNTO DE ACCESO ADICIONAL (KOHA)
Fuente del sistema de clasificación o colocación Dewey Decimal Classification
Tipo de ítem Koha Libro
Existencias
Estado de retiro Estado de pérdida Fuente del sistema de clasificación o colocación Restricciones de uso No para préstamo Código de colección Localización permanente Ubicación/localización actual Ubicación en estantería Fecha de adquisición Total de préstamos Signatura topográfica completa Código de barras Fecha visto por última vez Número de copia Precio válido a partir de Tipo de ítem Koha Fuente de adquisición
    Dewey Decimal Classification Préstamo en sala   Dominicana de Servicio Biblioteca Nacional Pedro Henríquez Ureña Biblioteca Nacional Pedro Henríquez Ureña Depósito 03.07.2018   BNPHU DS R175h 47568-30 25.06.2020 e. 3 25.06.2020 Libro  
    Dewey Decimal Classification Excluido de préstamo   Patrimonio Dominicano Biblioteca Nacional Pedro Henríquez Ureña Biblioteca Nacional Pedro Henríquez Ureña Depósito 03.07.2018   BNPHU PD R175h 47568-10 25.06.2020   25.06.2020 Libro  
    Dewey Decimal Classification Excluido de préstamo   Patrimonio Dominicano Biblioteca Nacional Pedro Henríquez Ureña Biblioteca Nacional Pedro Henríquez Ureña Depósito 03.07.2018   BNPHU PD R175h 47568-20 25.06.2020 e. 2 25.06.2020 Libro  
    Dewey Decimal Classification Préstamo en sala   Dominicana de Servicio Biblioteca Nacional Pedro Henríquez Ureña Biblioteca Nacional Pedro Henríquez Ureña Depósito 06.12.2023   BNPHU DS R175h 2023-8277 06.12.2023 e.4 06.12.2023 Libro Donado por la Fundación Hermanas Mirabal

Con tecnología Koha